| 000 | 00515nam a22001697a 4500 | ||
|---|---|---|---|
| 005 | 20231026070301.0 | ||
| 008 | 231026b |||||||| |||| 00| 0 eng d | ||
| 020 | _a0702128074 | ||
| 082 | _a346.7 SHA | ||
| 100 |
_aSharrock, R and Kidd, M _lEnglish |
||
| 245 |
_aUnderstanding Cheque Law / _cR Sharrock and M Kidd |
||
| 250 | _aFirst Edition | ||
| 260 |
_aCape Town : _bJuta and Co. Ltd, _c1993 |
||
| 300 |
_bxli, 227 pages ; _c25,4 cm. |
||
| 650 |
_aLegal practice _bLaw |
||
| 942 |
_cBK _6ALISON_BN_VRIES |
||
| 999 |
_c66 _d66 |
||